|
|
|
|
| LEADER |
00000nam0a2200000 4500 |
| 001 |
11189 |
| 005 |
20251208165716.0 |
| 010 |
|
|
|a 5894860032
|
| 035 |
|
|
|a (RuTPU)RU\TPU\book\11260
|
| 035 |
|
|
|a BOOK00011326
|
| 090 |
|
|
|a 11189
|
| 100 |
|
|
|a 20011209d1997 km y0rusy50 ca
|
| 101 |
0 |
|
|a rus
|
| 102 |
|
|
|a RU
|
| 105 |
|
|
|a y z 001zс
|
| 200 |
1 |
|
|a Рождение империи
|
| 210 |
|
|
|a Москва
|c Фонд Сергея Дубова
|d 1997
|
| 215 |
|
|
|a 544 с.
|
| 225 |
1 |
|
|a История России и Дома Романовых в мемуарах современников. XVII-XX вв
|
| 600 |
|
0 |
|a Петр Великий
|d I
|f 1672-1725
|c российский царь из династии Романовых
|c первый российский император
|2 stltpui
|3 (RuTPU)RU\TPU\pers\365
|
| 602 |
|
|
|a Романовы
|f 1613-1917
|c боярский род, царская фамилия с 1613, императорская фамилия с 1721 по 1917
|9 200
|
| 606 |
|
|
|a Россия
|x История
|z кон. 17-18 вв.
|9 81797
|
| 610 |
1 |
|
|a 18 век
|
| 610 |
1 |
|
|a Российская империя
|
| 686 |
|
|
|a Т3(2)51
|2 rubbk
|
| 801 |
|
0 |
|a RU
|b 63413507
|c 20011209
|g PSBO
|
| 801 |
|
2 |
|a RU
|b 63413507
|c 20121224
|g PSBO
|
| 942 |
|
|
|c BK
|